| 000 | 00364nam a2200145Ia 4500 | ||
|---|---|---|---|
| 008 | 210719s9999 xx 000 0 und d | ||
| 041 | _aeng | ||
| 082 | _a824.008 BALE | ||
| 100 | _aBALFOUR (J A) | ||
| 245 | _aEssays for Indian students. | ||
| 260 |
_aBomaby _bThe Educational Publishing |
||
| 300 |
_ax1viii,335 _bHB |
||
| 365 | _cRs | ||
| 650 | _aEnglish Prose | ||
| 999 |
_c214166 _d214166 |
||